Pride Parades and LGBT Movements (Record no. 64890)
[ view plain ]
| 000 -LEADER | |
|---|---|
| fixed length control field | 02457nam a2200265Ii 4500 |
| 008 - FIXED-LENGTH DATA ELEMENTS--GENERAL INFORMATION | |
| fixed length control field | 221202s xx 000 0 und d |
| 100 1# - MAIN ENTRY--PERSONAL NAME | |
| Personal name | Peterson, Abby, |
| Relator term | author |
| 245 #0 - TITLE STATEMENT | |
| Title | Pride Parades and LGBT Movements |
| 264 ## - PRODUCTION, PUBLICATION, DISTRIBUTION, MANUFACTURE, AND COPYRIGHT NOTICE | |
| Name of producer, publisher, distributor, manufacturer | Taylor & Francis |
| Date of production, publication, distribution, manufacture, or copyright notice | 2018 |
| 300 ## - PHYSICAL DESCRIPTION | |
| Extent | 1 online resource |
| 336 ## - CONTENT TYPE | |
| Content type term | text |
| Content type code | txt |
| Source | rdacontent |
| 337 ## - MEDIA TYPE | |
| Media type term | computer |
| Media type code | c |
| Source | rdamedia |
| 338 ## - CARRIER TYPE | |
| Carrier type term | online resource |
| Carrier type code | cr |
| Source | rdacarrier |
| 490 ## - SERIES STATEMENT | |
| Series statement | Gender and Comparative Politics |
| 520 ## - SUMMARY, ETC. | |
| Summary, etc. | The Open Access version of this book, available at http://www.tandfebooks.com/doi/view/10.4324/9781315474052, has been made available under a Creative Commons Attribution-Non Commercial-No Derivatives 4.0 license Today, Pride parades are staged in countries and localities across the globe, providing the most visible manifestations of lesbian, gay, bisexual, trans, queer and intersex movements and politics. Pride Parades and LGBT Movements contributes to a better understanding of LGBT protest dynamics through a comparative study of eleven Pride parades in seven European countries : Czech Republic, Italy, Netherlands, Poland, Sweden, Switzerland, the UK : and Mexico. Peterson, Wahlström and Wennerhag uncover the dynamics producing similarities and differences between Pride parades, using unique data from surveys of Pride participants and qualitative interviews with parade organizers and key LGBT activists. In addition to outlining the histories of Pride in the respective countries, the authors explore how the different political and cultural contexts influence: Who participates, in terms of socio-demographic characteristics and political orientations; what Pride parades mean for their participants; how participants were mobilized; how Pride organizers relate to allies and what strategies they employ for their performances of Pride. This book will be of interest to political scientists and sociologists with an interest in LGBT studies, social movements, comparative politics and political behavior and participation. |
| 653 ## - INDEX TERM--UNCONTROLLED | |
| Uncontrolled term | Comparative Politics |
| 653 ## - INDEX TERM--UNCONTROLLED | |
| Uncontrolled term | Lgbt Politics |
| 653 ## - INDEX TERM--UNCONTROLLED | |
| Uncontrolled term | Pride Movement |
| 653 ## - INDEX TERM--UNCONTROLLED | |
| Uncontrolled term | Pride Parade |
| 653 ## - INDEX TERM--UNCONTROLLED | |
| Uncontrolled term | Social Movements |
| 700 1# - ADDED ENTRY--PERSONAL NAME | |
| Personal name | Wahlström, Mattias |
| 700 1# - ADDED ENTRY--PERSONAL NAME | |
| Personal name | Wennerhag, Magnus |
| 856 ## - ELECTRONIC LOCATION AND ACCESS | |
| Uniform Resource Identifier | <a href="https://library.oapen.org/bitstream/20.500.12657/24158/1/1005973.pdfhttps://www.taylorfrancis.com/books/e/9781315474052http://library.oapen.org/handle/20.500.12657/24158">https://library.oapen.org/bitstream/20.500.12657/24158/1/1005973.pdfhttps://www.taylorfrancis.com/books/e/9781315474052http://library.oapen.org/handle/20.500.12657/24158</a> |
| 942 ## - ADDED ENTRY ELEMENTS (KOHA) | |
| Koha item type | E-Book |
| Withdrawn status | Damaged status | Not for loan | Home library | Current library | Date acquired | Total Checkouts | Date last seen | Price effective from | Koha item type |
|---|---|---|---|---|---|---|---|---|---|
| Directory of Open Access Books | Directory of Open Access Books | 11/28/2022 | 11/28/2022 | 11/28/2022 | E-Book |